000 00350nam a2200109Ia 4500
008 240731s9999 xx 000 0 und d
245 4 _aThe Philosophical Magazine: A Journal of Theoretical Experimental and Applied Physics : Series 8
260 _bTaylor & Francis
856 _uhttps://www.tandfonline.com/loi/tphm19
942 _2ddc
942 _cTFEJ
999 _c80055
_d80055
945 _a1
_bMadushi Gamage
_c1
_dMadushi Gamage